Ingeniería electoral en Costa Rica: proporcionalidad y represenatividad. ¿ Por dónde empezar ? /

שמור ב:
מידע ביבליוגרפי
מחבר ראשי: Alfaro Redondo, Rónald
פורמט: Texto
נושאים:
תגים: הוספת תג
אין תגיות, היה/י הראשונ/ה לתייג את הרשומה!

MARC

LEADER 00000 a a2200000 04500
001 16791
003
040
100 |a Alfaro Redondo, Rónald  
245 |a Ingeniería electoral en Costa Rica:   |b proporcionalidad y represenatividad. ¿ Por dónde empezar ? /  |c Rónald Alfaro Redondo 
650 |a PARTIDOS POLITICOS  
650 |a ELECCIONES  
650 |a SISTEMAS POLITICOS  
650 |a ELECCIONES  
773 |g volumen 10, número 2; páginas 231-258  
999 |c 39197  |d 39197